| 000 | 00887nam a2200253 4500 | ||
|---|---|---|---|
| 999 |
_c14300 _d14300 |
||
| 003 | MIRAKIL | ||
| 005 | 20201221135553.0 | ||
| 008 | 201221b tu ||||| |||| 00| 0 tur d | ||
| 020 | _a9786058069763 | ||
| 040 |
_aTR-AnCHP _cTR-AnCHP |
||
| 041 | _aTUR | ||
| 082 |
_a956.1024 _bA72s 2019 |
||
| 100 | 1 |
_aAtatürk, Gazi Mustafa Kemal _d1881-1938 |
|
| 245 | 1 | 0 |
_aSivas Kongresi günleri : Nutuk'tan / _cMustafa Kemal Atatürk ; yayına hazırlayan: Selma Günaydın, Yusuf Turan Günaydın |
| 260 |
_aİstanbul: _bKopernik Kitap, _c2019. |
||
| 300 |
_a242 s.: _c21 sm. |
||
| 490 | 0 |
_aKopernik Kitap; _aTarih; _v110. _v11. |
|
| 504 | _aDizin vardır. | ||
| 650 | 0 |
_94 _aTürkiye _xTarih _y1919 |
|
| 650 | 0 |
_9784 _aSivas Kongresi _xTarih _y4 Eylül-11 Eylül 1919 |
|
| 700 |
_96634 _aGünaydın, Selma _eyay. haz. |
||
| 700 |
_96635 _aGünaydın, Yusuf Turan _eyay. haz. |
||
| 942 |
_2ddc _cBKS |
||